<?xml version="1.0" encoding="UTF-8"?>
<record
    xmlns:xsi="http://www.w3.org/2001/XMLSchema-instance"
    xsi:schemaLocation="http://www.loc.gov/MARC21/slim http://www.loc.gov/standards/marcxml/schema/MARC21slim.xsd"
    xmlns="http://www.loc.gov/MARC21/slim">

  <leader>01309nam a2200253 a 4500</leader>
  <controlfield tag="001">BRCA_7252</controlfield>
  <controlfield tag="005">20190320205753.0</controlfield>
  <controlfield tag="008">260112s1902----gw-abe####---#000-0#ger-#</controlfield>
  <datafield tag="041" ind1=" " ind2=" ">
    <subfield code="a">ger</subfield>
  </datafield>
  <datafield tag="044" ind1=" " ind2=" ">
    <subfield code="a">gw</subfield>
  </datafield>
  <datafield tag="050" ind1=" " ind2="4">
    <subfield code="a">F1219</subfield>
    <subfield code="b">.S47 1902</subfield>
  </datafield>
  <datafield tag="100" ind1="1" ind2=" ">
    <subfield code="a">Seler, Eduard</subfield>
    <subfield code="d">1849-1922.</subfield>
    <subfield code="9">5287</subfield>
  </datafield>
  <datafield tag="245" ind1="1" ind2="0">
    <subfield code="a">Gesammelte abhandlungen zur Amerikanischen Sprach- und Alterthumskunde</subfield>
    <subfield code="c">von Eduard Seler.</subfield>
  </datafield>
  <datafield tag="260" ind1=" " ind2=" ">
    <subfield code="a">Berl&#xED;n</subfield>
    <subfield code="b">A. Asher &amp; Co</subfield>
    <subfield code="c">1902-1915</subfield>
  </datafield>
  <datafield tag="300" ind1=" " ind2=" ">
    <subfield code="a">5 v.</subfield>
    <subfield code="b">il., l&#xE1;minas, mapas, planos</subfield>
    <subfield code="c">26 cm.</subfield>
  </datafield>
  <datafield tag="500" ind1=" " ind2=" ">
    <subfield code="a">Existencias : El ejemplar descrito carece del vol&#xFA;men 4</subfield>
  </datafield>
  <datafield tag="500" ind1=" " ind2=" ">
    <subfield code="a">P1</subfield>
  </datafield>
  <datafield tag="501" ind1=" " ind2=" ">
    <subfield code="a">Contenido: v.1 Sprachliches. Bilderschriften. Kalender und Hieroglyphenentzifferung .-- v. 2  Zur Geschichte und Volkskunde Me&#xEC;xico&#xB4;s. Reisewege und Ruinen. Archaologisches aus Me&#xEC;xiko. Die religiosen Gesa&#xA8;nge der alten Mexikaner. 1904.-- v.3 Geschichtliches. Bilderschriften, Kalendarisches und Mythologie. Ethnographisches und Archaologisches aus Me&#xEC;xico. Archaologisches und anderes aus den Maya-Landern. 1908.-- v. 5 Aus Nord-und Sudamerika. Weitere Beitrage zur Altherthumskunde Me&#xEC;xico&#x2019;s und der Maya-Lander. 1915.</subfield>
  </datafield>
  <datafield tag="650" ind1="1" ind2="4">
    <subfield code="a">Indios de M&#xE9;xico</subfield>
    <subfield code="x">Idiomas</subfield>
    <subfield code="9">17963</subfield>
  </datafield>
  <datafield tag="650" ind1="1" ind2="4">
    <subfield code="a">Manuscritos mexicanos</subfield>
    <subfield code="9">781</subfield>
  </datafield>
  <datafield tag="651" ind1=" " ind2="4">
    <subfield code="a">M&#xE9;xico</subfield>
    <subfield code="x">Antiguedades</subfield>
    <subfield code="9">2765</subfield>
  </datafield>
  <datafield tag="902" ind1=" " ind2=" ">
    <subfield code="a">GFM</subfield>
  </datafield>
  <datafield tag="942" ind1=" " ind2=" ">
    <subfield code="2">lcc</subfield>
    <subfield code="c">B</subfield>
  </datafield>
  <datafield tag="999" ind1=" " ind2=" ">
    <subfield code="c">6933</subfield>
    <subfield code="d">6933</subfield>
  </datafield>
  <datafield tag="952" ind1=" " ind2=" ">
    <subfield code="0">0</subfield>
    <subfield code="1">0</subfield>
    <subfield code="4">0</subfield>
    <subfield code="7">0</subfield>
    <subfield code="a">BRCA</subfield>
    <subfield code="b">BRCA</subfield>
    <subfield code="d">2012-01-26</subfield>
    <subfield code="i">P1</subfield>
    <subfield code="l">0</subfield>
    <subfield code="o">F1219 .S47 1902 (P1)</subfield>
    <subfield code="p">7711</subfield>
    <subfield code="r">2019-03-22 00:00:00</subfield>
    <subfield code="w">2019-03-22</subfield>
    <subfield code="y">B</subfield>
  </datafield>
</record>
